01805cam a22003255a 450000100090000000300090000900500170001800800410003502000240007603500240010004000760012408200200020010000430022024500720026325000190033526400460035430000540040033600260045433700280048033800270050850400510053552005970058665000630118365100100124665300240125665500240128094200120130499900170131695201460133317916703EG-ScBUE20220314123223.0131024s2014 enkab f b 001 0 eng d a9780199665457 (pbk) a(OCoLC)ocn861207386 aBTCTAbengerdacBTCTAdBDXdUKMGBdYDXCPdWUNdCODdVP@dDLCdEG-ScBUE04a880.09bALL2221 aAllan, William,d1970-eauthor.93985810aClassical literature :ba very short introduction /cWilliam Allan. aFirst edition. 1aOxford :bOxford University Press,c2014. a[xvii], 135 pages :billustrations, maps ;c18 cm 2rdacontentatextbtxt 2rdamediaaunmediatedbn 2rdacarrieravolumebnc aIncludes bibliographical references and index. aThe classical world and the masterpieces of its literature continue to fascinate readers and audiences throughout the media- from popular histories to the reworking of classical subject matters by contemporary poets, dramatists, and novelists. In this Very Short Introduction, William Allan explores what the "classics" are and why they continue to shape our Western concepts of literature. Presenting a range of material from both Greek and Latin literature, he illustrates the variety and sophistication of these works, and considers examples from all major genres. --Provided by publisher. 7aClassical literaturexHistory and criticism.2BUEsh939857 2BUEsh cApril2016bHHUUEENN vReading book934232 2ddccBB c21654d21626 00102ddc40708AlahramaMAINbMAINc2NDd2016-04-19ePurchaseg81.00l0o880.09 ALLp000032369r2025-07-15 00:00:00v101.25w2016-04-19yBB